| 000 | 00511nam a2200157 i 4500 | ||
|---|---|---|---|
| 001 | 100746 | ||
| 003 | ES-MaACL | ||
| 005 | 20230906182734.0 | ||
| 007 | t| | ||
| 008 | 051005s1929 sp ||||1| spa d | ||
| 100 | 1 |
_aMateu y Llopis, Felipe. _979009 |
|
| 245 | 1 | 3 |
_aLa ceca de Valencia y las acuñaciones valencianas de los siglos XIII al XVIII / _cFelipe Mateu y Llopis. |
| 260 |
_aValencia : _b[s.n.], _c1929 ( _fViuda de Miguel Sanchís) |
||
| 300 |
_a162 p., XX lám. ; _c15 cm. |
||
| 852 |
_aES-MaACL _jA-99 |
||
| 999 |
_c100746 _d100746 |
||